Best Minnesota Vikings of All Time - Statistics

General Stats
  • This quiz has been taken 164 times
  • The average score is 10 of 27
Answer Stats
Hint Answer % Correct
WR Randy Moss
92%
RB Adrian Peterson
90%
QB Fran Tarkenton
84%
WR Cris Carter
77%
S (Will be top) Harrison Smith
76%
RB Robert Smith
73%
DL Alan Page
62%
HC Bud Grant
49%
DL John Randle
48%
DL Jared Allen
41%
S Paul Krause
39%
RB Chuck Foreman
37%
OL Randall McDaniel
34%
DL Carl Eller
26%
LB (Fan Favorite and SD native) Chad Greenway
26%
DL Jim Marshall
25%
OL Ron Yary
20%
WR Ahmad Rashad
18%
DL Chris Doleman
17%
CB Antoine Winfield Sr.
16%
S Joey Browner
13%
OL Mick Tinglehoff
13%
OL Matt Birk
12%
LB Matt Blair
12%
OL Gary Zimmerman
11%
DL Keith Millard
7%
TE Dave Casper
3%
No matching quizzes found
Score Distribution
Percent of People with Each Score
Percentile by Number Answered
Your Score History
You have not taken this quiz